| 000 | 00599nam a2200205 u 4500 | ||
|---|---|---|---|
| 005 | 20231021063637.0 | ||
| 008 | 130311s2006 r 000 0 eng d | ||
| 020 | _a968900624X | ||
| 035 | _aUPN01000190194 | ||
| 049 | _aCG | ||
| 050 | 4 |
_aLB1049 _bS8.2 |
|
| 100 | 1 |
_aSubirats Bayego, María Asunción _933797 |
|
| 245 | 1 | 0 |
_aCómo aprender a estudiar / _cMa. Asunción Subirats Bayego. |
| 260 |
_aMéxico : _bThema, _c2006. |
||
| 300 |
_a256 p. : _bil. col. |
||
| 440 | 0 | _aGuía práctica para el éxito escolar | |
| 650 | 4 |
_aMétodos de estudio _94280 |
|
| 905 | _aLibro | ||
| 999 |
_c162297 _d162297 |
||